Eadlyn's Selected Men from 'The Heir' (Kiera Cass) Quiz Stats

 Plays Quiz not verified by Sporcle

Challenge
Share
Tweet
Embed
Score 0/35 Timer 10:00
0 Plays Today
No. Character % Correct
32Kile Woodwork
93%
10Henri Jaakoppi
78.4%
13Hale Garner
74.9%
35Fox Wesley
70.8%
7Ean Cabel
64.3%
27Jack Ranger
51.5%
31Baden Trains
42.7%
20Burke Renn
40.4%
17Julian Henry
35.7%
1Leeland Alberts
33.3%
16Holden Messenger
31.6%
6Gunner Croft
29.8%
9Winslow Fields
25.7%
21Ivan Plays
24.6%
5Edwin Bishop
23.4%
2Nolan Carr
21.6%
29Kesley Timber
21.6%
3Apsel Berry-Denning
20.5%
No. Character % Correct
4Blakely
20.5%
18Arizona Packer
20.5%
26MacKendrick Shepard
20.5%
11Paisley Fisher
19.9%
19Jamal Piles
19.9%
25Issir Quiller
19.9%
28Raoul Silo
19.9%
30Lodge Wheaton
19.3%
15Alex Hardie
18.7%
22Connor Shannon
18.7%
24Pauly Shelves
18.1%
12Brady Linker
17.5%
33Jamie Turning
17.5%
8Harrison Driver
17%
34Calvin Write
17%
14Linde Lockwood
15.2%
23Tavish Plowholder
15.2%

You're not logged in!

Compare scores with friends on all Sporcle quizzes.
Join for Free
OR
Log In

You Might Also Like...

Show Comments

Extras

Top Quizzes Today


Score Distribution

Your Account Isn't Verified!

In order to create a playlist on Sporcle, you need to verify the email address you used during registration. Go to your Sporcle Settings to finish the process.

Report this User

Report this user for behavior that violates our Community Guidelines.

Details: